000 00265nam a22000977a 4500
999 _c515604
_d515604
082 _aTNC T19x91 C361
100 _aChandra, Satish
_921294
245 _aIndonesia :
_bA new beginning ?
_cedited by Satish Chandra
260 _aNew Delhi
_bSterling
_c2002
300 _a300p.